Statistiques concernant 20 pays plus grandes dans le Commonwealth

Cliquez ici pour prendre le quiz!

Statistiques générales

  • Ce quiz a été pris 57 fois
  • Le résultat moyen est 12 sur 20

Statistiques - réponses

Superficie en km² Pays % Correct
7,962,030Australie
98%
9,984,670Canada
96%
270,534Nouvelle-Zélande
91%
3,166,414Inde
89%
242,910Royaume-Uni
86%
1,219,090Afrique du Sud
82%
796,095Pakistan
66%
580,367Kenya
64%
923,768Nigeria
63%
824,292Namibie
61%
945,087Tanzanie
59%
752,614Zambie
55%
581,730Botswana
50%
799,380Mozambique
46%
238,537Ghana
46%
241,139Ouganda
45%
475,442Cameroun
38%
329,847Malaisie
36%
462,840Papouasie-Nouvelle-Guinée
30%
214,969Guyana
16%

Distribution des résultats

Percentile par nombre de réponses

% des personnes avec chaque résultat

Votre développement - résultats

Vous n’avez pas pris ce quiz